Statistics for Bologna Squad 2018-2019

Click here to take the quiz!

General Stats

  • This quiz has been taken 11 times
  • The average score is 16 of 29

Answer Stats

RuoloGiocatoreNazionalità% Correct
GKLukasz SkorupskiPoland
100%
CBDaniloBrazil
86%
STFederico SantanderParaguay
86%
RBIbrahima MbayeSenegal
86%
STRodrigo PalacioArgentina
86%
CMBlerim DzemailiSwitzerland
71%
CMErick PulgarChile
71%
CBFilip HelanderSweden
71%
CBGiancarlo GonzálezCosta Rica
71%
CMGodfred DonsahGhana
71%
LWLadislav KrejčíCzech Rep
71%
LBMitchell DijksNetherlands
71%
RWRiccardo OrsoliniItaly
71%
CMÁdám NagyHungary
57%
CMAndrea PoliItaly
57%
GKAngelo da CostaBrazil
57%
STDiego FalcinelliItaly
57%
CMMattias SvanbergSweden
57%
LWOrji OkwonkwoNigeria
57%
CBSebastien De MaioFrance
57%
GKAntonio SanturroItaly
43%
STMattia DestroItaly
43%
CBNehuén PazArgentina
43%
CBArturo CalabresiItaly
29%
RBFederico MattielloItaly
29%
CAMJuan Manuel ValenciaColombia
29%
GKCaio Vinicius PiranaBrazil
14%
GKFilippo PerucchiniItaly
0%
CBGabriele CorboItaly
0%

Score Distribution

Percentile by Number Answered

Percent of People with Each Score

Your Score History

You have not taken this quiz